000
00295nam a2200121Ia 4500
008
190216s9999||||xx |||||||||||||| ||und||
100
_a
Melville C Branch
245
0
_a
Corporate Palnning Process
260
_b
Db.Taraporevala Sons &co
_c
1970
300
_a
253p
650
_a
Commerce
942
_c
BK
999
_c
8318
_d
8318